[Event "IPCA Wch 19th"]
[Site "Ruzomberok"]
[Date "2019.07.03"]
[Round "6"]
[White "Sovietova, Kateryna"]
[Black "Felegyi, Karoly"]
[Result "1-0"]
[WhiteElo "1279"]
[BlackElo "1674"]
[PlyCount "45"]
[EventDate "2019.06.28"]
[EventType "swiss"]
[EventRounds "9"]
[EventCountry "SVK"]
[SourceTitle "CBM 191 Extra"]
[Source "ChessBase"]
[SourceDate "2019.09.30"]
[SourceVersion "1"]
[SourceVersionDate "2019.09.30"]
[SourceQuality "1"]

1. d4 d5 2. Bf4 Nf6 3. h3 e6 4. e3 Ne4 5. Nf3 Bd7 6. Nbd2 Nxd2 7. Qxd2 c5 8. c3 Nc6 9. Bd3 Qb6 10. 0-0 cxd4 11. exd4 Na5 12. Ne5 Bb5 13. Bxb5+ Qxb5 14. Rfe1 Nc4 15. Nxc4 dxc4 16. Qe2 Qd5 17. Rad1 0-0-0 18. Qf1 Bd6 19. Bxd6 Rxd6 20. Re5 Qc6 21. Rc5 Rhd8 22. Rxc6+ bxc6 23. Qxc4 1-0

[Event "IPCA Wch 19th"]
[Site "Ruzomberok"]
[Date "2019.06.29"]
[Round "2"]
[White "Kostova, Erika"]
[Black "Felegyi, Karoly"]
[Result "0-1"]
[WhiteElo "1210"]
[BlackElo "1674"]
[PlyCount "124"]
[EventDate "2019.06.28"]
[EventType "swiss"]
[EventRounds "9"]
[EventCountry "SVK"]
[SourceTitle "CBM 191 Extra"]
[Source "ChessBase"]
[SourceDate "2019.09.30"]
[SourceVersion "1"]
[SourceVersionDate "2019.09.30"]
[SourceQuality "1"]

1. d4 d5 2. e3 Nf6 3. Nf3 Bg4 4. Be2 Bxf3 5. Bxf3 e6 6. Nc3 Bb4 7. Bd2 Nbd7 8. Na4 Bxd2+ 9. Qxd2 b5 10. Nc3 c6 11. 0-0 0-0 12. a3 Nb6 13. b3 a5 14. Na2 Qd6 15. Nc1 a4 16. Qb4 Qxb4 17. axb4 a3 18. Ra2 Ra7 19. Nd3 Nfd7 20. Rfa1 Rfa8 21. Nc5 h6 22. c3 Nxc5 23. bxc5 Nd7 24. b4 f5 25. g4 g6 26. h3 Kf7 27. Kg2 Kf6 28. Kg3 e5 29. Be2 Nf8 30. f4 exf4+ 31. exf4 Re8 32. Bf3 Rea8 33. Re1 Re7 34. g5+ hxg5 35. fxg5+ Kf7 36. Rxe7+ Kxe7 37. h4 Ne6 38. Bd1 Kf7 39. Kf3 Ng7 40. Kf4 Ne6+ 41. Ke5 Ke7 42. h5 gxh5 43. Kxf5 h4 44. Kg4 h3 45. Kxh3 Nxg5+ 46. Kg4 Ne4 47. Bb3 Nxc3 48. Rc2 a2 49. Rxa2 Nxa2 50. Bxa2 Rxa2 51. Kf4 Kf6 52. Ke3 Kf5 53. Kd3 Ra3+ 54. Kc2 Ke4 55. Kd2 Rh3 56. Ke2 Rh2+ 57. Ke1 Kd3 58. Kf1 Ke3 59. Kg1 Ra2 60. Kf1 Rb2 61. Kg1 Kf3 62. Kh1 Kg3 0-1